Energy Efficient Design Of New Low Rise Residential Buildings (Record no. 15754)

MARC details
000 -LEADER
fixed length control field 00376nam a2200145Ia 4500
008 - FIXED-LENGTH DATA ELEMENTS--GENERAL INFORMATION
fixed length control field 220803s9999 xx 000 0 und d
020 ## - INTERNATIONAL STANDARD BOOK NUMBER
International Standard Book Number 10412336
041 ## - LANGUAGE CODE
Language code of text/sound track or separate title eng
082 ## - DEWEY DECIMAL CLASSIFICATION NUMBER
Classification number 720.47 REE
100 ## - MAIN ENTRY--PERSONAL NAME
Personal name Reeves G
9 (RLIN) 24867
245 ## - TITLE STATEMENT
Title Energy Efficient Design Of New Low Rise Residential Buildings
260 ## - PUBLICATION, DISTRIBUTION, ETC. (IMPRINT)
Place of publication, distribution, etc. Atlanta
Name of publisher, distributor, etc. Ashrae Pub.
Date of publication, distribution, etc. 1995
300 ## - PHYSICAL DESCRIPTION
Extent 119p
500 ## - GENERAL NOTE
Keywords ARCHI
Holdings
Withdrawn status Lost status Damaged status Not for loan Collection code Home library Current library Date acquired Vendor Cost, normal purchase price Full call number Barcode Date last seen Cost, replacement price Bill Date Koha item type Original Barcode
        Book of M Arch EA Dr. Bhanuben Nanavati College of Architecture Dr. Bhanuben Nanavati College of Architecture 11/03/2015 Universal Book 2204.16 697 REE BNCA-BK-9163 03/08/2022 2204.16 13/02/2015 Reference book B09163